MLB ERA Leaders every season - Statistics

General Stats
  • This quiz has been taken 34 times
    8 since last reset
  • The average score is 49 of 167
Answer Stats
Year Player % Correct
2011, 2012, 2013, 2014, 2017 Clayton Kershaw
100%
2010 Josh Johnson
100%
1995, 1999, 2001, 2002 Randy Johnson
100%
1986, 1990, 1991, 1992, 1997, 1998, 2005 Roger Clemens
100%
1912, 1913, 1918, 1919, 1924 Walter Johnson
100%
2018, 2023 Blake Snell
86%
1991 Dennis Martínez
86%
2019, 2023 Gerrit Cole
86%
1993, 1994, 1995, 1998 Greg Maddux
86%
2018 Jacob deGrom
86%
2011, 2022 Justin Verlander
86%
1910 King Cole
86%
1981, 1987 Nolan Ryan
86%
1997, 1999, 2000, 2002, 2003 Pedro Martínez
86%
2024 Tarik Skubal
86%
2024 Chris Sale
71%
2010, 2014 Félix Hernández
71%
1996, 2000 Kevin Brown
71%
1906 Mordecai Brown
71%
1962, 1963, 1964, 1965, 1966 Sandy Koufax
71%
1970, 1971, 1973 Tom Seaver
71%
2009, 2015 Zack Greinke
71%
1940 Bob Feller
57%
1968 Bob Gibson
57%
1989 Bret Saberhagen
57%
1985 Dave Stieb
57%
1985 Dwight Gooden
57%
1907, 1910 Ed Walsh
57%
1973, 1875 Jim Palmer
57%
1915 Joe Wood
57%
2004, 2006, 2008 Johan Santana
57%
2025 Paul Skenes
57%
1975 Randy Jones
57%
1959 Sam Jones
57%
2020 Shane Bieber
57%
1972 Steve Carlton
57%
1947, 1953, 1961 Warren Spahn
57%
1974 Catfish Hunter
43%
1905, 1908, 1909, 1911, 1913 Christy Mathewson
43%
2021 Corbin Burnes
43%
2017 Corey Kluber
43%
2012, 2015 David Price
43%
1906 Doc White
43%
1980 Don Sutton
43%
1950 Early Wynn
43%
1977 Frank Tanana
43%
1915, 1916, 1919, 1920 Grover Cleveland Alexander
43%
2004, 2007 Jake Peavy
43%
1976 John Denny
43%
1926, 1929, 1930, 1931, 1932, 1935, 1936, 1938. 1939 Lefty Grove
43%
1986 Mike Scott
43%
1982 Rick Sutcliffe
43%
1978, 1979 Ron Guidry
43%
1980 Rudy May
43%
1981 Sammy Stewart
43%
1943 Spud Chandler
43%
2020 Trevor Bauer
43%
1971 Vida Blue
43%
2016 Aaron Sanchez
29%
1904, 1908 Addie Joss
29%
2013 Aníbal Sánchez
29%
1916 Babe Ruth
29%
1938 Bill Lee
29%
1929, 1931 Bill Walker
29%
2008 Cliff Lee
29%
1924, 1928, 1930 Dazzy Vance
29%
1964 Dean Chance
29%
1914 Dutch Leonard
29%
2019 Hyun-jin Ryu
29%
1907 Jack Pfiester
29%
1979 J. R. Richard
29%
1969 Juan Marichal
29%
2005 Kevin Millwood
29%
1956 Lew Burdette
29%
1968, 1972 Luis Tiant
29%
1976 Mark Fidrych
29%
1960 Mike McCormick
29%
1967 Phil Niekro
29%
2021 Robbie Ray
29%
2006 Roy Oswalt
29%
1905 Rube Waddell
29%
1950 Sal Maglie
29%
1965 Sam McDowell
29%
1923, 1925 Stan Coveleski
29%
1982 Steve Rogers
29%
1958 Stu Miller
29%
1942 Ted Lyons
29%
1941 Thornton Lee
29%
1952 Allie Reynolds
14%
1992 Bill Swift
14%
1957 Bobby Shantz
14%
1955 Bob Friend
14%
1920 Bob Shawkey
14%
1933, 1934, 1936 Carl Hubbell
14%
1951 Chet Nichols Jr.
14%
2009 Chris Carpenter
14%
1978 Craig Swan
14%
1990 Danny Darwin
14%
1944 Dizzy Trout
14%
1917 Eddie Cicotte
14%
1953 Ed Lopat
14%
2001 Freddy García
14%
1948 Gene Bearden
14%
1945, 1946 Hal Newhouser
14%
1952 | 1959 Hoyt Wilhelm
14%
1987 Jimmy Key
14%
1904 Joe McGinnity
14%
1977 John Candelaria
14%
1954 Johnny Antonelli
14%
1993 Kevin Appier
14%
1934, 1937 Lefty Gomez
14%
1932 Lon Warneke
14%
1943 Max Lanier
14%
1933 Mel Harder
14%
1984 Mike Boddicker
14%
1949, 1954 Mike Garcia
14%
1942 Mort Cooper
14%
1921, 1922 Red Faber
14%
1956, 1958 Whitey Ford
14%
1984 Alejandro Peña
0%
1988 Allan Anderson
0%
1983 Atlee Hammaker
0%
1914 | 1921 Bill Doak
0%
1955 Billy Pierce
0%
1939, 1940 Bucky Walters
0%
1974 Buzz Capra
0%
1935 Cy Blanton
0%
1949 Dave Koslo
0%
1969 Dick Bosman
0%
1961 Dick Donovan
0%
1970 Diego Seguí
0%
1923, 1925 Dolf Luque
0%
1903 Earl Moore
0%
1944 Ed Heusser
0%
1941 Elmer Riddle
0%
1960 Frank Baumann
0%
1917 Fred Anderson
0%
1928 Garland Braxton
0%
1963, 1966 Gary Peters
0%
1962 Hank Aguirre
0%
1948 Harry Brecheen
0%
1909 Harry Krause
0%
1918 Hippo Vaughn
0%
1946 Howie Pollet
0%
2003 Jason Schmidt
0%
1912 Jeff Tesreau
0%
1937 Jim Turner
0%
1947 Joe Haynes
0%
1967 Joe Horlen
0%
1988 Joe Magrane
0%
2007 John Lackey
0%
1957 Johnny Podres
0%
1996 Juan Guzmán
0%
2022 Julio Urías
0%
2016 Kyle Hendricks
0%
1922 Phil Douglas
0%
1926, 1927 Ray Kremer
0%
1945 Ray Prim
0%
1983 Rick Honeycutt
0%
1903 Sam Leever
0%
1951 Saul Rogovin
0%
1989 Scott Garrelts
0%
1994 Steve Ontiveros
0%
1911 Vean Gregg
0%
1927 Wilcy Moore
0%
No matching quizzes found
Score Distribution
Percent of People with Each Score
Percentile by Number Answered
Your Score History
You have not taken this quiz since the last reset